| 000 | 01268cam a2200445Mi 4500 | ||
|---|---|---|---|
| 999 |
_c6069 _d6069 |
||
| 001 | ocm67041392 | ||
| 003 | TZ-ArACH | ||
| 005 | 20201210131537.0 | ||
| 008 | 020620s2002 ne 000 0 dut d | ||
| 015 |
_aB0209565 _2bccb |
||
| 020 | _a9026840144 | ||
| 020 | _a9789026840142 | ||
| 029 | 0 |
_aNLGGC _b239326857 |
|
| 035 | _a(OCoLC)67041392 | ||
| 040 |
_aNLGGC _bdut _efobidrtb _cTZ-ArACH _dWURST _dL2U |
||
| 041 | _aDut | ||
| 049 | _aTZAA | ||
| 050 |
_aKKM3127 _b.D78 2002 |
||
| 100 | 1 |
_aDrupsteen, Th.G. _q(Thijs G.), _d1945- |
|
| 245 | 1 | 4 |
_aEen brug te ver? (A bridge too far?) / _cTh.G. Drupsteen. |
| 260 |
_aDeventer : _bKluwer, _c2002. |
||
| 300 |
_a27 p. ; _c24 cm. |
||
| 500 | _aAfscheidscollege Universiteit Leiden. | ||
| 504 | _aMet lit. opg. | ||
| 650 | 7 |
_aEnvironmental law. _2bcl |
|
| 650 | 7 |
_aLoi environnementale _zNetherlands |
|
| 650 | 1 | 7 |
_aMilieurecht. _2gtt |
| 650 | 1 | 7 |
_aRuimtelijkeordeningsrecht. _2gtt |
| 650 | 1 | 7 |
_aVergunningen. _2gtt |
| 653 | 0 | 0 | _amilieuwetgeving |
| 653 | 0 | 0 | _aenvironmental legislation |
| 653 | 0 | 0 | _anederland |
| 653 | 0 | 0 | _anetherlands |
| 653 | 0 | 0 | _apubliek recht |
| 653 | 0 | 0 | _apublic law |
| 653 | 1 | 0 | _aEnvironmental Law |
| 653 | 1 | 0 | _aMilieurecht |
| 655 | 7 |
_aRedes (vorm) _2gtt |
|
| 942 |
_2lcc _cBOOK |
||